Stolice Afryki 2026 - Statystyki

Ogólne statystyki
  • Ten quiz został rozwiązany 173 razy
    160 od ostatniego zresetowania
  • Średni wynik to 42 z 54
Statystyki odpowiedzi
Kraj Stolica % Poprawnych
Algieria Algier
98%
Madagaskar Antananarywa
92%
Egipt Kair
92%
Tunezja Tunis
90%
Demokratyczna Republika Konga Kinszasa
88%
Południowa Afryka Pretoria
88%
Maroko Rabat
88%
Libia Trypolis
87%
Nigeria Abudża
85%
Dżibuti Dżibuti
85%
Kenia Nairobi
85%
Etiopia Addis Abeba
83%
Ghana Akra
83%
Sudan Chartum
83%
Senegal Dakar
83%
Sudan Południowy Dżuba
83%
Togo Lomé
83%
Angola Luanda
83%
Zimbabwe Harare
82%
Somalia Mogadiszu
82%
Czad Ndżamena
82%
Benin Porto-Novo
82%
Namibia Windhuk
82%
Gwinea Bissau Bissau
80%
Botswana Gaborone
80%
Mauretania Nawakszut
80%
Tanzania Dodoma
78%
Wyspy Świętego Tomasza i Książęca São Tomé
78%
Sierra Leone Freetown
77%
Uganda Kampala
77%
Niger Niamey
77%
Seszele Victoria
77%
Burkina Faso Wagadugu
77%
Republika Środkowoafrykańska Bangi
75%
Kongo Brazzaville
75%
Gwinea Równikowa Malabo/Ciudad de la Paz (od 02.01.2026)
75%
Mozambik Maputo
75%
Liberia Monrovia
75%
Erytrea Asmara
73%
Mali Bamako
73%
Rwanda Kigali
73%
Gabon Libreville
73%
Zambia Lusaka
73%
Wybrzeże Kości Słoniowej Jamusukro
72%
Eswatini Mbabane
72%
Gambia Bandżul
70%
Burundi Gitega
70%
Malawi Lilongwe
70%
Republika Zielonego Przylądka Praia
70%
Lesotho Maseru
68%
Kamerun Jaunde
67%
Mauritius Port Louis
67%
Gwinea Konakry
63%
Komory Moroni
62%
Nie znaleziono quizów pasujących do podanych kryteriów
Rozkład punktacji
Procent ludzi z każdym wynikiem
Percentyl według liczby udzielonych odpowiedzi
Twoja historia wyników
Nie rozwiązałeś tego quizu od ostatniego zresetowania